| 000 | 01290nam a2200337 a 4500 | ||
|---|---|---|---|
| 001 | 000112892 | ||
| 003 | CHAP | ||
| 005 | 20220329144326.0 | ||
| 008 | 170206s2016 mx sm |||||||spa d | ||
| 010 | _a109353 | ||
| 011 | _a110325 | ||
| 040 | _cCHAP | ||
| 090 | _aTesis | ||
| 100 | 1 |
_aLugo Espinosa, Jesús _9131434 |
|
| 245 | 1 | 0 |
_aTratamientos poscosecha para el control de Conotrachelus dimidiatus (Champion) (Coleotera: Curculionidae) en guayaba (Psidium guajava L.) _h[En línea] _cpor Jesús Lugo Espinosa. |
| 260 |
_aChapingo, Méx. : _bEl autor, _c2016. |
||
| 500 | _aPara ver el contenido del material haga clic en la liga | ||
| 502 | _aTesis (Ing. Agr. Esp. en Fitotecnia) -- UACH. Departamento de Fitotecnia | ||
| 590 |
_aBATCH-UPD _b05 _c20170206 _lUCH01 _h1122 |
||
| 590 |
_aE11695DGD _b10 _c20170207 _lUCH01 _h0944 |
||
| 590 |
_aE5765TAJ _b05 _c20170206 _lUCH01 _h1121 |
||
| 590 |
_aE5765TAJ _b05 _c20170206 _lUCH01 _h1122 |
||
| 650 | 1 | 4 |
_aConotrachelus dimidiatus _xControl. _9131435 |
| 650 | 1 | 4 |
_aControl de plagas (Postcosecha) _9125489 |
| 650 | 1 | 4 |
_aGuayaba _xAlmacenamiento. _951040 |
| 650 | 1 | 4 |
_aTemperatura _xEfecto en insectos. _9112202 |
| 856 |
_aFinding aid _uhttp://10.13.5.2/tesis/sist112892.pdf _zTeclea aquí |
||
| 901 | _aBK | ||
| 942 | _cTESIS | ||
| 942 | _n0 | ||
| 999 |
_c109353 _d109353 |
||